000 00641nam a22002057a 4500
003 OSt
005 20260421032525.0
008 260421b |||||||| |||| 00| 0 eng d
020 _a0-471-39221-9
040 _aDWCL-Main lib.
_cOC
082 _28th ed.
_aCirc. 612.89 D282a 2001
100 _aDavison, Gerald C.
245 _aAbnormal psychology/
_cGerald C. Davidson
250 _a8th ed.
260 _aNew York :
_bJohn Wiley & Sons, inc.,
_cc2001.
300 _axvii 565, S11 p. :
_billustrations ;
_c28 cm.
504 _aincludes reference and index
700 _aNeale, John M.
942 _2ddc
_cBK-CIRC
_e8th ed.
_hCirc.
_n0
999 _c9536
_d9536